| 000 | 00348nam a22001457a 4500 | ||
|---|---|---|---|
| 008 | 210308b ||||| |||| 00| 0 eng d | ||
| 020 | _a9780397547234 | ||
| 041 | _aeng | ||
| 080 |
_23rd _a616 |
||
| 082 | _a616 | ||
| 100 | _a9 | ||
| 101 | _aPATFIZ | ||
| 245 |
_aPatho-Physiology Concepts of Altered Health States _cPorth, C. M |
||
| 942 |
_2udc _cBK |
||
| 999 |
_c55940 _d55940 |
||